[Event "Oberbayern Bezirksliga 1718"]
[Site "Germany"]
[Date "2017.11.12"]
[Round "2.4"]
[White "Pappenheim, Rainer"]
[Black "Seitner, Ralf"]
[Result "0-1"]
[WhiteElo "2004"]
[BlackElo "2045"]
[PlyCount "60"]
[EventDate "2017.10.22"]
[EventType "team-tourn"]
[EventRounds "9"]
[EventCountry "GER"]
[SourceTitle "EXT 2019"]
[Source "ChessBase"]
[SourceDate "2018.10.10"]
[SourceVersion "1"]
[SourceVersionDate "2018.10.10"]
[SourceQuality "1"]
[WhiteTeam "Starnberg II"]
[BlackTeam "Neuburg"]
[WhiteTeamCountry "GER"]
[BlackTeamCountry "GER"]

1. Nf3 c5 2. c4 Nc6 3. g3 g6 4. Bg2 Bg7 5. Nc3 e6 6. 0-0 Nge7 7. d3 0-0 8. a3 d5 9. Qc2 b6 10. Rb1 d4 11. Na4 a5 12. Bd2 Bd7 13. e3 Ra7 14. exd4 Nxd4 15. Nxd4 Bxd4 16. Nc3 Bc6 17. Ne4 Qa8 18. Bh3 Nf5 19. Rbd1 Bg7 20. Bc3 Nd4 21. Bxd4 Bxd4 22. a4 Rd7 23. Rfe1 h6 24. b3 Rfd8 25. Bf1 Bb7 26. Qb1 Kg7 27. Qc2 Qc8 28. g4 Qc6 29. h3 f5 30. Ng3 Qf3 0-1

[Event "Oberbayern Bezirksliga 1617"]
[Site "Germany"]
[Date "2016.12.04"]
[Round "3.7"]
[White "Baron, Marek"]
[Black "Pappenheim, Rainer"]
[Result "1/2-1/2"]
[WhiteElo "1906"]
[BlackElo "1988"]
[PlyCount "50"]
[EventDate "2016.10.16"]
[EventType "team-tourn"]
[EventRounds "9"]
[EventCountry "GER"]
[SourceTitle "EXT 2019"]
[Source "ChessBase"]
[SourceDate "2018.10.10"]
[SourceVersion "1"]
[SourceVersionDate "2018.10.10"]
[SourceQuality "1"]
[WhiteTeam "Waldkraiburg"]
[BlackTeam "Starnberg"]
[WhiteTeamCountry "GER"]
[BlackTeamCountry "GER"]

1. Nf3 Nf6 2. d4 d5 3. Bf4 c6 4. c3 e6 5. e3 Bd6 6. Bd3 b6 7. 0-0 Ba6 8. Bxa6 Nxa6 9. Qa4 Nb8 10. Nbd2 b5 11. Qc2 Bxf4 12. exf4 0-0 13. Ne5 Qc7 14. g3 Nbd7 15. Nxd7 Nxd7 16. b4 Nb6 17. Rfe1 Rae8 18. Re2 Nc8 19. a4 Nd6 20. a5 Re7 21. Rae1 Rfe8 22. Nf3 Ne4 23. Ne5 Nd6 24. Nf3 Ne4 25. Ne5 Nd6 1/2-1/2

[Event "Nuremberg Zabo op 13th"]
[Site "Nuremberg"]
[Date "2011.09.17"]
[Round "2"]
[White "Korth, Manfred"]
[Black "Pappenheim, Rainer"]
[Result "0-1"]
[WhiteElo "1802"]
[BlackElo "2011"]
[PlyCount "80"]
[EventDate "2011.09.16"]
[EventType "swiss"]
[EventRounds "5"]
[EventCountry "GER"]
[SourceTitle "EXT 2013"]
[Source "ChessBase"]
[SourceDate "2012.11.22"]
[SourceVersion "1"]
[SourceVersionDate "2012.11.22"]
[SourceQuality "1"]

1. Nf3 c5 2. g3 Nc6 3. Bg2 g6 4. d3 Bg7 5. Nbd2 d6 6. e4 e5 7. c3 Nge7 8. Nc4 0-0 9. 0-0 Bg4 10. Ne3 Bxf3 11. Bxf3 b5 12. Ng4 h5 13. Ne3 a5 14. g4 hxg4 15. Nxg4 a4 16. a3 Na5 17. Bh6 Nb3 18. Bxg7 Kxg7 19. Rb1 Nc6 20. Qe2 Qh4 21. Bh1 Qg5 22. Rbd1 Rac8 23. Bg2 Rh8 24. h3 Rh4 25. Qe3 Qf4 26. Qxf4 exf4 27. Rfe1 Ne5 28. f3 Rhh8 29. Kf2 b4 30. Bf1 bxa3 31. bxa3 Rhe8 32. d4 cxd4 33. cxd4 Nc4 34. Re2 Nxa3 35. Ra2 Rc2+ 36. Rxc2 Nxc2 37. Bb5 Ra8 38. Bc4 Ncxd4 39. e5 dxe5 40. Rd3 a3 0-1

[Event "Nuremberg Zabo op 13th"]
[Site "Nuremberg"]
[Date "2011.09.16"]
[Round "1"]
[White "Pappenheim, Rainer"]
[Black "Tong, Kevin"]
[Result "1-0"]
[WhiteElo "2011"]
[BlackElo "1646"]
[PlyCount "71"]
[EventDate "2011.09.16"]
[EventType "swiss"]
[EventRounds "5"]
[EventCountry "GER"]
[SourceTitle "EXT 2013"]
[Source "ChessBase"]
[SourceDate "2012.11.22"]
[SourceVersion "1"]
[SourceVersionDate "2012.11.22"]
[SourceQuality "1"]

1. e4 c5 2. Nf3 d6 3. Nc3 g6 4. d4 cxd4 5. Nxd4 Nf6 6. Be2 Bg7 7. 0-0 0-0 8. Be3 Nc6 9. Kh1 Bd7 10. f4 a6 11. Bf3 Rc8 12. Nb3 Qc7 13. g4 b5 14. g5 Ne8 15. Nd5 Qb8 16. Nd4 Bxd4 17. Bxd4 Nc7 18. Bc3 Nxd5 19. exd5 Na7 20. Qd4 f6 21. Rae1 Rf7 22. Rxe7 Rcf8 23. Rxd7 Rxd7 24. Bg4 Re7 25. Be6+ Rxe6 26. dxe6 Nc6 27. Qe4 Ne7 28. gxf6 Nf5 29. e7 Re8 30. Qe6+ Kh8 31. f7+ Ng7 32. Qf6 Qa8+ 33. Kg1 Rg8 34. fxg8Q+ Qxg8 35. Qxg7+ Qxg7 36. e8Q# 1-0

[Event "Berlin Lichtenberger op 10th"]
[Site "Berlin"]
[Date "2011.08.16"]
[Round "4"]
[White "Getzuhn, Detlef"]
[Black "Pappenheim, Rainer"]
[Result "0-1"]
[WhiteElo "1931"]
[BlackElo "2081"]
[PlyCount "52"]
[EventDate "2011.08.13"]
[EventType "swiss"]
[EventRounds "9"]
[EventCountry "GER"]
[SourceTitle "CBM 143 Extra"]
[Source "ChessBase"]
[SourceDate "2011.08.29"]
[SourceVersion "1"]
[SourceVersionDate "2011.08.29"]
[SourceQuality "1"]

1. e4 c6 2. d4 d5 3. Nc3 dxe4 4. Nxe4 Nf6 5. Nxf6+ gxf6 6. Be3 Bf5 7. Bd3 e6 8. Bxf5 Qa5+ 9. Qd2 Qxf5 10. 0-0-0 Rg8 11. f3 Nd7 12. Qf2 Nb6 13. Ne2 Nc4 14. Ng3 Qb5 15. c3 0-0-0 16. Rhe1 Bd6 17. Nf1 f5 18. b3 f4 19. bxc4 fxe3 20. Nxe3 Ba3+ 21. Kd2 Qa5 22. Kd3 c5 23. d5 b5 24. Kc2 Bb4 25. Kb1 Bxc3 26. Nc2 bxc4 0-1

[Event "Berlin Lichtenberger op 10th"]
[Site "Berlin"]
[Date "2011.08.14"]
[Round "2"]
[White "Mayer, Herbert"]
[Black "Pappenheim, Rainer"]
[Result "1/2-1/2"]
[WhiteElo "1948"]
[BlackElo "2081"]
[PlyCount "51"]
[EventDate "2011.08.13"]
[EventType "swiss"]
[EventRounds "9"]
[EventCountry "GER"]
[SourceTitle "CBM 143 Extra"]
[Source "ChessBase"]
[SourceDate "2011.08.29"]
[SourceVersion "1"]
[SourceVersionDate "2011.08.29"]
[SourceQuality "1"]

1. f4 d5 2. b3 Nf6 3. Bb2 e6 4. Nf3 Be7 5. e3 0-0 6. Be2 b6 7. 0-0 Bb7 8. Ne5 Nbd7 9. Nxd7 Qxd7 10. d3 Rfd8 11. Nd2 a5 12. a4 Ne8 13. Nf3 f6 14. Kh1 c5 15. Nd2 Nd6 16. Qe1 Nf5 17. Bg4 Nd6 18. Qg3 Rac8 19. Qh3 f5 20. Be2 c4 21. dxc4 dxc4 22. Bxc4 Nxc4 23. Nxc4 Bc5 24. Qg3 Rc7 25. Be5 Rcc8 26. Bf6 1/2-1/2

[Event "Berlin Lichtenberger op 10th"]
[Site "Berlin"]
[Date "2011.08.14"]
[Round "3"]
[White "Pappenheim, Rainer"]
[Black "Kapp, Martin"]
[Result "1/2-1/2"]
[WhiteElo "2081"]
[BlackElo "2209"]
[PlyCount "144"]
[EventDate "2011.08.13"]
[EventType "swiss"]
[EventRounds "9"]
[EventCountry "GER"]
[SourceTitle "CBM 143 Extra"]
[Source "ChessBase"]
[SourceDate "2011.08.29"]
[SourceVersion "1"]
[SourceVersionDate "2011.08.29"]
[SourceQuality "1"]

1. e4 e6 2. d4 d5 3. Nd2 Nf6 4. e5 Nfd7 5. Bd3 c5 6. c3 Nc6 7. Ne2 cxd4 8. cxd4 f6 9. exf6 Nxf6 10. Nf3 Bd6 11. 0-0 0-0 12. Bf4 Bxf4 13. Nxf4 Ne4 14. Qc1 Qd6 15. Ne2 Bd7 16. Qe3 Nb4 17. Bxe4 dxe4 18. Ng5 Nd5 19. Qxe4 Rf5 20. Qh4 Nf6 21. Ne4 Nxe4 22. Qxe4 Bc6 23. Qe3 Raf8 24. f3 a5 25. Ng3 Rb5 26. Rf2 a4 27. Re1 Bd5 28. Ne4 Qb6 29. Nc3 Rb4 30. a3 Rc4 31. Rd2 Qc6 32. Kf2 Rf6 33. Nxd5 Qxd5 34. Qe5 Qd7 35. Ree2 Qc6 36. Re3 Kf7 37. d5 exd5 38. Qxd5+ Qxd5 39. Rxd5 Rc2+ 40. Re2 Rxe2+ 41. Kxe2 Rg6 42. g3 Rb6 43. Rd2 Rb3 44. f4 Kf6 45. Kd1 g5 46. fxg5+ Kxg5 47. Kc2 b5 48. Rd5+ Kg4 49. Rd4+ Kg5 50. Rd3 Rxd3 51. Kxd3 Kg4 52. Kd4 Kh3 53. Kc5 Kxh2 54. Kxb5 Kxg3 55. Kxa4 h5 56. b4 h4 57. b5 h3 58. b6 h2 59. b7 h1Q 60. b8Q+ Kf2 61. Qb2+ Kg3 62. Qc3+ Kf2 63. Kb3 Qb7+ 64. Ka2 Qa8 65. Qc2+ Ke3 66. a4 Kd4 67. Qb2+ Kc4 68. Qb3+ Kc5 69. Qb5+ Kd6 70. Ka3 Qf3+ 71. Kb4 Qe4+ 72. Ka5 Qa8+ 1/2-1/2

[Event "Staufer op 23rd"]
[Site "Leinzell"]
[Date "2011.01.02"]
[Round "2"]
[White "Pappenheim, Rainer"]
[Black "Dgebuadze, Alexandre"]
[Result "0-1"]
[WhiteElo "2090"]
[BlackElo "2536"]
[PlyCount "44"]
[EventDate "2011.01.02"]
[EventType "swiss"]
[EventRounds "9"]
[EventCountry "GER"]
[SourceTitle "CBM 140 Extra"]
[Source "ChessBase"]
[SourceDate "2011.03.01"]
[SourceVersion "1"]
[SourceVersionDate "2011.03.01"]
[SourceQuality "1"]

1. e4 e6 2. d4 d5 3. Nd2 Nf6 4. e5 Nfd7 5. Bd3 c5 6. c3 Nc6 7. Ne2 cxd4 8. cxd4 f6 9. exf6 Nxf6 10. 0-0 Bd6 11. Nf3 Qc7 12. Nc3 a6 13. Bg5 0-0 14. Rc1 Bd7 15. Re1 Ng4 16. h3 Bh2+ 17. Kf1 Nxf2 18. Qd2 Nxd3 19. Qxd3 Qg3 20. Bd2 Rxf3+ 21. gxf3 Rf8 22. Re3 Nb4 0-1

[Event "Dos Hermanas Internet qual-A 10th"]
[Site "ICC INT"]
[Date "2009.03.13"]
[Round "11"]
[White "Gaviria Velazquez, Gustavo"]
[Black "Pappenheim, Rainer"]
[Result "0-1"]
[WhiteElo "1987"]
[BlackElo "2082"]
[PlyCount "62"]
[EventDate "2009.03.13"]
[EventType "swiss (blitz)"]
[EventRounds "12"]
[EventCountry "ESP"]
[SourceTitle "CBM 129 Extra"]
[Source "ChessBase"]
[SourceDate "2009.05.05"]
[SourceVersion "2"]
[SourceVersionDate "2009.05.20"]
[SourceQuality "1"]

1. e4 c6 2. d4 d5 3. e5 Bf5 4. Bd3 Bxd3 5. Qxd3 e6 6. Nf3 c5 7. c3 Nc6 8. a3 Qb6 9. b4 cxd4 10. cxd4 a5 11. b5 Nce7 12. a4 Nf5 13. 0-0 Rc8 14. Be3 Bb4 15. Rc1 Nge7 16. Rxc8+ Nxc8 17. Nc3 0-0 18. Rc1 Nce7 19. Bg5 Rc8 20. Bxe7 Nxe7 21. Ne2 Qd8 22. g4 Ng6 23. h3 Nf4 24. Nxf4 Rxc1+ 25. Kg2 Qc7 26. Ng5 g6 27. Ngxe6 fxe6 28. Nxe6 Qc3 29. Qe2 Qe1 30. Qd3 Qh1+ 31. Kg3 Rc3 0-1

[Event "Landesliga Sued 0607"]
[Site "Bayern"]
[Date "2007.04.22"]
[Round "9.8"]
[White "Pappenheim, Rainer"]
[Black "Fuchs, Georg"]
[Result "1/2-1/2"]
[WhiteElo "1974"]
[BlackElo "2201"]
[PlyCount "53"]
[EventDate "2006.10.15"]
[EventType "team-tourn"]
[EventRounds "9"]
[EventCountry "GER"]
[SourceTitle "EXT 2008"]
[Source "ChessBase"]
[SourceDate "2007.11.25"]
[SourceVersion "1"]
[SourceVersionDate "2007.11.25"]
[SourceQuality "1"]
[WhiteTeam "Starnberg"]
[BlackTeam "Weilheim"]
[WhiteTeamCountry "GER"]
[BlackTeamCountry "GER"]

1. e4 e5 2. Nf3 Nf6 3. Nxe5 d6 4. Nf3 Nxe4 5. Nc3 Nxc3 6. dxc3 Be7 7. Be3 Bf5 8. Qd5 Qc8 9. Nd4 Bg6 10. h4 c6 11. Qf3 h5 12. g3 Nd7 13. Bh3 Qc7 14. 0-0-0 0-0-0 15. Nf5 Bxf5 16. Qxf5 Kb8 17. Qxf7 Ne5 18. Qb3 d5 19. Qa4 b5 20. Qb3 Rhf8 21. Rhe1 Nc4 22. a3 Nxe3 23. Rxe3 Bc5 24. Red3 Bxf2 25. a4 a6 26. axb5 axb5 27. Kb1 1/2-1/2

[Event "Travemuende op 22nd"]
[Site "Travemuende"]
[Date "2005.12.27"]
[Round "2"]
[White "Voloshin, Leonid"]
[Black "Pappenheim, Rainer"]
[Result "1-0"]
[WhiteElo "2470"]
[BlackElo "2120"]
[PlyCount "79"]
[EventDate "2005.12.27"]
[EventType "swiss"]
[EventRounds "7"]
[EventCountry "GER"]
[SourceTitle "EXT 2008"]
[Source "ChessBase"]
[SourceDate "2007.11.25"]
[SourceVersion "1"]
[SourceVersionDate "2007.11.25"]
[SourceQuality "1"]

1. d4 Nf6 2. Nc3 d5 3. Bg5 Bf5 4. Bxf6 exf6 5. e3 Bb4 6. Bd3 Bxd3 7. cxd3 0-0 8. Qb3 Qd6 9. Nge2 c6 10. 0-0 Nd7 11. a3 Ba5 12. Qxb7 Bc7 13. g3 Rfb8 14. Qa6 Rxb2 15. Rfb1 Rb6 16. Rxb6 Bxb6 17. Qa4 f5 18. Rc1 Nf6 19. Na2 c5 20. dxc5 Bxc5 21. d4 Bb6 22. Nb4 Rd8 23. Nc6 Ra8 24. Qb4 Qxb4 25. axb4 Kf8 26. Ra1 Rc8 27. b5 Ne8 28. Nxa7 Rc2 29. Nf4 Nf6 30. Nc6 g5 31. Nb4 Rb2 32. Nfxd5 Nxd5 33. Nxd5 Rxb5 34. Nxb6 Rxb6 35. Ra5 Rf6 36. g4 f4 37. Rxg5 fxe3 38. fxe3 Rf3 39. Re5 Rf6 40. Kg2 1-0

[Event "Dresden ZMD op"]
[Site "Dresden"]
[Date "2005.07.31"]
[Round "9"]
[White "Pappenheim, Rainer"]
[Black "Hoffmann, Paul"]
[Result "0-1"]
[WhiteElo "2120"]
[BlackElo "2252"]
[PlyCount "40"]
[EventDate "2005.07.23"]
[EventType "swiss"]
[EventRounds "9"]
[EventCountry "GER"]
[SourceTitle "EXT 2006"]
[Source "ChessBase"]
[SourceDate "2005.11.24"]
[SourceVersion "1"]
[SourceVersionDate "2005.11.24"]
[SourceQuality "1"]

1. e4 d5 2. exd5 Qxd5 3. Nc3 Qa5 4. d4 c6 5. Nf3 Nf6 6. Bc4 Bf5 7. Ne5 e6 8. Bd2 Qb6 9. Qe2 Bd6 10. g4 Bg6 11. Bxe6 0-0 12. Nc4 Qd8 13. Bf5 Re8 14. Be3 Bb4 15. 0-0-0 Bxc3 16. bxc3 Qd5 17. Bxg6 hxg6 18. Ne5 Qxa2 19. Qf3 Nbd7 20. Nxd7 Ne4 0-1

[Event "CFriend AP-2004-Q-00002 email"]
[Site "Chessfriend.com"]
[Date "2004.02.04"]
[Round "1"]
[White "Evans, Gordon"]
[Black "Pappenheim, Rainer"]
[Result "1-0"]
[WhiteElo "2272"]
[BlackElo "1814"]
[PlyCount "71"]
[EventDate "2004.??.??"]
[EventType "tourn (corr)"]
[EventRounds "12"]
[SourceTitle "Corr 2024"]
[Source "ChessBase"]
[SourceDate "2023.10.19"]
[SourceVersion "1"]
[SourceVersionDate "2023.10.19"]
[SourceQuality "1"]

1. e4 c5 2. c3 d5 3. exd5 Qxd5 4. d4 Nf6 5. Nf3 Bg4 6. dxc5 Qxd1+ 7. Kxd1 e5 8. b4 e4 9. h3 Bh5 10. g4 Nxg4 11. hxg4 Bxg4 12. Nbd2 exf3 13. Bd3 Nc6 14. Re1+ Kd7 15. Nc4 f6 16. Bf4 Re8 17. Kc2 Rxe1 18. Rxe1 Be7 19. b5 Nd8 20. Rd1 Ke8 21. Nd6+ Bxd6 22. Bxd6 Kf7 23. Re1 Re8 24. Rxe8 Kxe8 25. Bxh7 Be6 26. a4 g5 27. Bd3 Kd7 28. Bb8 f5 29. Bxa7 Kc8 30. a5 g4 31. Bb6 f4 32. c6 bxc6 33. a6 g3 34. fxg3 fxg3 35. Bxd8 cxb5 36. Bh4 1-0

[Event "CFriend AP-2004-Q-00002 email"]
[Site "Chessfriend.com"]
[Date "2004.02.04"]
[Round "1"]
[White "Larsson, Mats"]
[Black "Pappenheim, Rainer"]
[Result "1-0"]
[WhiteElo "2458"]
[BlackElo "1814"]
[PlyCount "39"]
[EventDate "2004.??.??"]
[EventType "tourn (corr)"]
[EventRounds "12"]
[SourceTitle "Corr 2024"]
[Source "ChessBase"]
[SourceDate "2023.10.19"]
[SourceVersion "1"]
[SourceVersionDate "2023.10.19"]
[SourceQuality "1"]

1. Nc3 d5 2. e4 d4 3. Nce2 e5 4. Ng3 Be6 5. Nf3 Nd7 6. c3 Bc5 7. cxd4 exd4 8. Qa4 Qf6 9. d3 Bg4 10. Be2 Bxf3 11. Bxf3 Ne7 12. 0-0 c6 13. Qb3 0-0-0 14. Nh5 Qg6 15. Bf4 f6 16. Bg3 Rdf8 17. Nf4 Qh6 18. Ne6 Rfg8 19. Nxc5 Nxc5 20. Qa3 1-0

[Event "Vienna op 14th"]
[Site "Vienna"]
[Date "2003.08.24"]
[Round "9"]
[White "Pappenheim, Rainer"]
[Black "Wittmann, Walter"]
[Result "0-1"]
[WhiteElo "2145"]
[BlackElo "2359"]
[PlyCount "55"]
[EventDate "2003.08.16"]
[EventType "swiss"]
[EventRounds "9"]
[EventCountry "AUT"]
[SourceTitle "CBM 095 Extra"]
[Source "ChessBase"]
[SourceDate "2003.09.04"]
[SourceVersion "1"]
[SourceVersionDate "2003.09.04"]
[SourceQuality "1"]

1. e4 c5 2. Nf3 e6 3. d4 cxd4 4. Nxd4 Nf6 5. Bd3 Nc6 6. Nxc6 dxc6 7. 0-0 e5 8. Qe2 Bc5 9. Be3 Qb6 10. Bxc5 Qxc5 11. Kh1 Bg4 12. f3 Be6 13. Qf2 Qxf2 14. Rxf2 Ke7 15. Nc3 Rhd8 16. Rd1 Rd7 17. Rff1 Rad8 18. a4 a5 19. f4 exf4 20. Rxf4 Ng4 21. Kg1 Ne5 22. Be2 Rxd1+ 23. Bxd1 Nc4 24. Rh4 h6 25. Rh5 b6 26. Bf3 Nxb2 27. e5 c5 28. g4 0-1

[Event "Vienna op 14th"]
[Site "Vienna"]
[Date "2003.08.22"]
[Round "7"]
[White "Pappenheim, Rainer"]
[Black "Bozinovic, Boban"]
[Result "1-0"]
[WhiteElo "2145"]
[BlackElo "2207"]
[PlyCount "69"]
[EventDate "2003.08.16"]
[EventType "swiss"]
[EventRounds "9"]
[EventCountry "AUT"]
[SourceTitle "CBM 095 Extra"]
[Source "ChessBase"]
[SourceDate "2003.09.04"]
[SourceVersion "1"]
[SourceVersionDate "2003.09.04"]
[SourceQuality "1"]

1. e4 c5 2. Nf3 d6 3. Bb5+ Bd7 4. Bxd7+ Qxd7 5. 0-0 Nc6 6. c3 Nf6 7. Re1 e5 8. d4 Be7 9. Bg5 Rd8 10. Na3 0-0 11. Nc4 Qc7 12. d5 Na5 13. Ncd2 b5 14. Nh4 Nxd5 15. exd5 Bxg5 16. Nf5 Bxd2 17. Qxd2 Nc4 18. Qe2 Qd7 19. Ng3 Nb6 20. Red1 c4 21. h4 f5 22. Rd2 Qf7 23. Qd1 Rc8 24. f4 e4 25. Nf1 Na4 26. Ne3 Nc5 27. g3 Nd3 28. a4 a6 29. axb5 axb5 30. Ra6 Qg6 31. Kh2 Ra8 32. Qa1 Rad8 33. Qa5 Qh5 34. Qc7 Qf3 35. Ra7 1-0